| 000 | 00347nam a2200097Ia 4500 | ||
|---|---|---|---|
| 008 | 171204s9999 xx 000 0 und d | ||
| 245 | 4 | _aThe Rise of Consciousness and the Development of Emotional Life: Michael Lewis PhD | |
| 260 | _c2013 | ||
| 650 | _xPRF Ed 1: Child & Adolescent Development | ||
| 856 | _uhttp://down.ebook777.com/053/1462512526.pdf | ||
| 999 |
_c345850 _d345850 |
||